00856nab a2200241 uc450000100070000000500170000700800410002403500110006503500210007604000130009704100080011024500420011861000280016065000640018865000530025265000610030565000400036665000440040665000450045077300900049594200100058599900190059585009820250220094051.0031023e20031006 spa  a850098 a(OCoLC)820080805 ccomduadb aspa10aAlvaro Uribe ante las Naciones Unidas24aNaciones Unidas9826562 aUribe Vélez, Alvaro, 1952 - Política y gobierno9107287 aUribe Vélez, Álvaro, 1952- Discursos9106531 aPolítica de seguridad democrática - Colombia9165653 7aTerrorismozColombia2armarc972668 7aConflicto armadozColombia2lemb971414 7aEstado de derechozColombia2lemb9326130 tCromos (Bogotá)gNúmero 4469, Octubre 06, 2003, p. 45-47w96914x0011-1708093902 cARIMP c299074d299074